[Event "31. DSenEM2019 Gruppe 65+"]
[Site "Radebeul"]
[Date "2019.05.03"]
[Round "8.77"]
[White "Andrasch, Peter"]
[Black "Baensch, Frank"]
[Result "1-0"]
[WhiteElo "1740"]
[BlackElo "1713"]
[PlyCount "92"]
[EventDate "2019.??.??"]
[WhiteTeam "SF Nordost Berlin"]
[BlackTeam "Schach macht fit"]

1. f4 d5 2. Nf3 Bf5 3. e3 c5 4. Be2 Nc6 5. a3 a6 6. O-O Nf6 7. b3 e6 8. Bb2 h6
9. Kh1 Bd6 10. Ne5 Bxe5 11. fxe5 Nd7 12. d4 O-O 13. Nd2 Qg5 14. Rf3 Qg6 15. Rc1
Rac8 16. Rg3 Qh7 17. c3 b5 18. Bg4 Bd3 19. Be2 Bg6 20. Nf3 f6 21. Nh4 Be8 22.
Bd3 f5 23. Qe2 g5 24. Rf1 Kh8 25. Nf3 Qg7 26. Bc1 Bh5 27. Qe1 Ne7 28. Rh3 Bg4
29. Rg3 h5 30. h4 f4 31. Rxg4 hxg4 32. Nxg5 Qh6 33. exf4 Nf5 34. g3 cxd4 35.
cxd4 Nxd4 36. Qd1 Qh5 37. Bb1 Nf5 38. Kg2 Rc3 39. Bxf5 Rxf5 40. Nxe6 Nb6 41.
Bb2 Rc8 42. Ng5 Kg8 43. e6 Qg6 44. Rf2 Rff8 45. Qd4 Qf6 46. Qxb6 Qe7 1-0

[Event "31. DSenEM2019 Gruppe 65+"]
[Site "Radebeul"]
[Date "2019.05.03"]
[Round "8.79"]
[White "Krüger, Bernhard"]
[Black "Schleicher, Winfried"]
[Result "1-0"]
[WhiteElo "1717"]
[BlackElo "1352"]
[PlyCount "79"]
[EventDate "2019.??.??"]
[WhiteTeam "SC Grunbach"]
[BlackTeam "Lüneschach"]

 1. c4 Nf6 2. Nc3 d6 3. g3 g6 4. Bg2
Bg7 5. d4 Nbd7 6. Bg5 h6 7. Bxf6 Nxf6 8. e3 O-O 9. Nge2 Rb8 10. O-O c6 11. a4
Be6 12. b3 d5 13. c5 b6 14. b4 Kh7 15. b5 Bd7 16. Rc1 bxc5 17. bxc6 Bxc6 18.
dxc5 e6 19. Nd4 Bb7 20. Re1 Rc8 21. Ncb5 a6 22. Nd6 Rc7 23. Qb3 Qd7 24. Qa3 e5
25. Nb3 Bc6 26. a5 Kg8 27. Bf1 Ra8 28. Nd2 Ne8 29. e4 d4 30. N2c4 Raa7 31. Nb6
Qe6 32. Bc4 Qe7 33. Nxf7 Kh7 34. Nd6 Bf8 35. Qf3 Nxd6 36. cxd6 Qxd6 37. Bd5
Bxd5 38. Nxd5 Rf7 39. Qe2 h5 40. Qc4 1-0

[Event "31. DSenEM2019 Gruppe 65+"]
[Site "Radebeul"]
[Date "2019.05.03"]
[Round "8.80"]
[White "Portsch, Claudius"]
[Black "Schumacher, Ursula"]
[Result "1-0"]
[WhiteElo "1659"]
[BlackElo "1507"]
[Annotator "lenovo"]
[PlyCount "71"]
[EventDate "2019.??.??"]
[WhiteTeam "BSV Chemie Radebeul"]
[BlackTeam "HTC Bad Neuenahr"]

 1. d4 c6 2. Nf3 d6 3. Bf4 Nd7 4. e3 e6 5. Bc4 Ngf6 6. h3 Be7 7. Nbd2
Nb6 8. Bb3 d5 9. O-O h6 10. c3 c5 11. Qe2 c4 12. Bc2 Bd6 13. Ne5 Bxe5 14. Bxe5
O-O 15. Rfe1 Nbd7 16. Bh2 Re8 17. Nf3 b5 18. Ne5 Bb7 19. Rad1 a5 20. f3 Nh7 21.
Qf2 Nxe5 22. dxe5 Nf8 23. Rd4 Qc7 24. Qg3 Qe7 25. Rh4 Kh8 26. Qg4 f5 27. Qh5
Kh7 28. g4 Ng6 29. gxf5 Nxh4 30. f6+ g6 31. Qxh4 Qf7 32. Bf4 Qf8 33. Kf2 Bc6
34. Rg1 Red8 35. Rxg6 Be8 36. Rg7+ 1-0

[Event "31. DSenEM2019 Gruppe 65+"]
[Site "Radebeul"]
[Date "2019.05.03"]
[Round "8.81"]
[White "Geibel, Henning"]
[Black "Richter, Stefan"]
[Result "0-1"]
[WhiteElo "1392"]
[BlackElo "1631"]
[PlyCount "62"]
[EventDate "2019.??.??"]
[WhiteTeam "SV Bargteheide"]
[BlackTeam "SZ Langenberg"]

 1. e4 d6 2. Bc4 e6 3. Nf3 Nd7 4. O-O Be7 5. d4 c6 6. Nc3 Qc7 7. Bg5
Bxg5 8. Nxg5 h6 9. Nf3 Ne7 10. b4 d5 11. exd5 cxd5 12. Nxd5 Qxc4 13. Nxe7 Kxe7
14. a3 Rd8 15. d5 Nf6 16. Ne5 Qc3 17. Qe2 Rxd5 18. f4 Bd7 19. Qf3 Qxf3 20. Rxf3
Bc6 21. Rg3 Nh5 22. Rg4 Rd4 23. g3 Be4 24. c3 Rd2 25. Nc4 Rc2 26. Re1 Nf6 27.
Rxg7 Rd8 28. Ne5 Rdd2 29. Rxf7+ Ke8 30. Rxf6 Rg2+ 31. Kh1 Rge2+ 0-1

[Event "31. DSenEM2019 Gruppe 65+"]
[Site "Radebeul"]
[Date "2019.05.03"]
[Round "8.83"]
[White "Deak-Willimsky, Emanuela"]
[Black "Semisch, Helga"]
[Result "1-0"]
[WhiteElo "1506"]
[BlackElo "1571"]
[PlyCount "61"]
[EventDate "2019.??.??"]
[WhiteTeam "SF Furtwangen-Vöhrenbach"]
[BlackTeam "ESV Lok Meiningen"]

1. c4 c6 2. Nc3 e6 3. d3 d5 4. cxd5 cxd5 5. g3 f5 6. Bg2 Nf6 7. e4 d4 8. Nce2
Nc6 9. Nf3 e5 10. Bg5 Bd6 11. Nd2 O-O 12. Qb3+ Kh8 13. exf5 Rb8 14. g4 Qc7 15.
h3 Na5 16. Qd1 Nd7 17. Be4 Nc5 18. O-O Nxe4 19. Nxe4 b6 20. f3 h6 21. Bh4 Nc6
22. a3 Ba6 23. b4 Bc8 24. Qd2 Rf7 25. f6 g5 26. Bxg5 hxg5 27. Qxg5 Rh7 28. Kg2
Bf8 29. Qg6 Be6 30. Ng5 Bf7 31. Qxh7# 1-0

[Event "31. DSenEM2019 Gruppe 65+"]
[Site "Radebeul"]
[Date "2019.05.03"]
[Round "8.84"]
[White "Girod, Gudrun"]
[Black "Walther, Renate"]
[Result "1/2-1/2"]
[WhiteElo "1487"]
[BlackElo "1127"]
[PlyCount "52"]
[EventDate "2019.??.??"]
[WhiteTeam "Hannover 96"]
[BlackTeam "SK Herzogenaurach"]

 1. d4 c5 2. Bf4 Nf6 3. e3
e6 4. c3 d5 5. Bxb8 Rxb8 6. Nf3 Be7 7. Be2 O-O 8. O-O b6 9. Nbd2 Bd6 10. h3 h6
11. Qc2 c4 12. e4 Bc7 13. b3 b5 14. b4 Bd7 15. e5 Ne4 16. Nh2 Ng5 17. Ndf3 Bc6
18. Nxg5 Qxg5 19. Nf3 Qe7 20. Nh2 Be8 21. f4 f6 22. Bg4 f5 23. Bf3 Bg6 24. Qe2
Qe8 25. Qf2 Bd8 26. Bd1 a5 1/2-1/2